000 00315nam a22001457a 4500
008 221220b ||||| |||| 00| 0 eng d
020 _a9782820200006
041 _aeng
080 _a721
082 _a721
100 _a20.2
101 _aNDERT
245 _aCAMERON HYDRAULIC DATA
_cFLOWSERVE
942 _2udc
_cBK
999 _c59214
_d59214